| 000 | 00615nam a22002297a 4500 | ||
|---|---|---|---|
| 001 | 00028787 | ||
| 005 | 20260415103202.0 | ||
| 008 | 260415b ag ||||| |||| 00| 0 spa d | ||
| 020 | _a9875505153 | ||
| 040 |
_aAR-CcCEOS _bspa _cAR-CcCEOS |
||
| 041 | _aspa | ||
| 080 | _a820-1(73) | ||
| 090 | _bWHI | ||
| 100 | 1 |
_aWhitman, Walt, _d1819-1892 _9515 |
|
| 245 |
_aCuerpo, pueblo, espíritu / _cWalt Whitman |
||
| 250 | _a1a ed. | ||
| 260 |
_aBuenos Aires : _bLongseller, _c2004. |
||
| 300 |
_a144 p. ; _c18x11 cm. |
||
| 490 | _vClasicos de Siempre, poesía | ||
| 655 | 0 |
_apoesías _9214 |
|
| 942 |
_2udc _cBK _n0 |
||
| 999 |
_c28822 _d28822 |
||